FIFA world cup nations that start with P - Statistics

General Stats
  • This quiz has been taken 45 times
  • The average score is 4 of 5
Answer Stats
Years played Answer % Correct
2018 Panama
95%
1930, 1950, 1958, 1986, 1998, 2002, 2006, and 2010 Paraguay
87%
1930, 1970, 1978, 1982, and 2018 Peru
87%
1966, 1986, 2002, 2006, 2010, 2014, 2018, and 2022 Portugal
87%
1938, 1974, 1978, 1982, 1986, 2002, 2006, 2018, and 2022 Poland
84%
No matching quizzes found
Score Distribution
Percent of People with Each Score
Percentile by Number Answered
Your Score History
You have not taken this quiz